Find the Pairs Quiz Stats

 Plays Quiz Updated Sep 12, 2018

Score 0/30 Timer 04:00
0 Plays Today
% Correct
Abercrombie
94.5%
Fitch
93.1%
Rolls
82.5%
Royce
82.1%
Hewlett
79.5%
Johnson
79.4%
Packard
79.2%
Johnson
78.7%
Barnes
77.6%
Noble
75.8%
Procter
74.6%
Gamble
74.5%
Dolce
73.3%
Gabbana
72.9%
Decker
66.8%
% Correct
Martin
66.6%
Black
66.4%
Aston
65.6%
Wells
65.2%
Fargo
64.8%
Exxon
63.4%
Mobil
62.7%
Martin
62.2%
Warner
58.2%
Time
56%
Lockheed
54.4%
Ernst
49.1%
Young
48.1%
Morgan
46.8%
Stanley
45.9%

You're not logged in!

Compare scores with friends on all Sporcle quizzes.
OR
Log In

Show Comments

Extras

Top Quizzes Today


Score Distribution

Your Account Isn't Verified!

In order to create a playlist on Sporcle, you need to verify the email address you used during registration. Go to your Sporcle Settings to finish the process.

Report this User

Report this user for behavior that violates our Community Guidelines.

Details: